[Event "Chigorin Memorial 23rd"]
[Site "St Petersburg"]
[Date "2015.10.09"]
[Round "7"]
[White "Shuster, Andrei"]
[Black "Malyshev, Grigory"]
[Result "0-1"]
[WhiteElo "2053"]
[BlackElo "2293"]
[PlyCount "140"]
[EventDate "2015.10.03"]
[EventType "swiss"]
[EventRounds "9"]
[EventCountry "RUS"]
[SourceTitle "CBM 168 Extra"]
[Source "ChessBase"]
[SourceDate "2015.10.29"]
[SourceVersion "1"]
[SourceVersionDate "2015.10.29"]
[SourceQuality "1"]

1. e4 e6 2. d4 d5 3. Nd2 dxe4 4. Nxe4 Nd7 5. Nf3 Ngf6 6. Bd3 Nxe4 7. Bxe4 Nf6 8. Bg5 Qd6 9. Bd3 h6 10. Bd2 b6 11. c4 Bb7 12. 0-0 Be7 13. Qe2 0-0 14. Bc3 Rad8 15. Rad1 c5 16. Bb1 Rfe8 17. dxc5 Qxc5 18. Ne5 Bd6 19. Rfe1 Bxe5 20. Bxe5 Nd7 21. Bc3 Qg5 22. Be4 Bxe4 23. Qxe4 Nc5 24. Qf3 Rxd1 25. Rxd1 Rd8 26. Rxd8+ Qxd8 27. Qg4 f6 28. f4 Qd3 29. h3 Kf8 30. Bb4 Qxc4 31. Bxc5+ Qxc5+ 32. Kh2 Qd5 33. b3 Qe4 34. Kh1 Kg8 35. Qh5 Qe3 36. Qe8+ Kh7 37. Qf7 Qc1+ 38. Kh2 Qxf4+ 39. Kh1 Qf1+ 40. Kh2 Qf4+ 41. Kh1 e5 42. Qxa7 Qf2 43. Qd7 e4 44. Kh2 e3 45. Qd4 f5 46. a4 Qd2 47. Qf4 Kg6 48. b4 Qd3 49. Qg3+ Kf6 50. a5 bxa5 51. bxa5 g5 52. Qf3 Qd6+ 53. Kh1 f4 54. Qe2 Qd2 55. Qa6+ Ke5 56. Qb5+ Kd4 57. Qb6+ Kc4 58. Qc6+ Kb4 59. Qb6+ Ka4 60. Qc6+ Kxa5 61. Qc5+ Ka4 62. Qc4+ Ka3 63. Qa6+ Kb2 64. Qb5+ Kc1 65. Kh2 e2 66. Qc5+ Kd1 67. Qa3 e1Q 68. Qa1+ Ke2 69. Qe5+ Kf1 70. Qb5+ Qde2 0-1

[Event "St Petersburg Summer rapid"]
[Site "St Petersburg"]
[Date "2015.08.29"]
[Round "1"]
[White "Stupak, Kirill"]
[Black "Shuster, Andrei"]
[Result "1-0"]
[WhiteElo "2551"]
[BlackElo "2075"]
[PlyCount "57"]
[EventDate "2015.08.29"]
[EventType "swiss (rapid)"]
[EventRounds "11"]
[EventCountry "RUS"]
[SourceTitle "EXT 2016"]
[Source "ChessBase"]
[SourceDate "2015.10.08"]
[SourceVersion "1"]
[SourceVersionDate "2015.10.08"]
[SourceQuality "1"]

1. d4 d5 2. Nf3 Nf6 3. g3 c6 4. Bg2 e6 5. 0-0 Bd6 6. c4 0-0 7. Nc3 dxc4 8. Nd2 Nbd7 9. Nxc4 Bc7 10. b3 Re8 11. Ba3 Nb6 12. e4 Nxc4 13. bxc4 Nd7 14. f4 b6 15. e5 Bb7 16. Ne4 Rb8 17. Qh5 Nf8 18. Rad1 Ng6 19. Ng5 h6 20. Nxf7 Kxf7 21. f5 exf5 22. Qxf5+ Kg8 23. Qxg6 Qg5 24. Be4 Qxg6 25. Bxg6 Red8 26. Bf7+ Kh8 27. e6 Bd6 28. Bxd6 Rxd6 29. e7 1-0

[Event "RUS-chT U18"]
[Site "St Petersburg"]
[Date "2015.08.05"]
[Round "5.45"]
[White "Shuster, Andrei"]
[Black "Bondarenko, Ivan"]
[Result "0-1"]
[WhiteElo "2075"]
[BlackElo "2062"]
[PlyCount "104"]
[EventDate "2015.08.01"]
[EventType "team-swiss"]
[EventRounds "9"]
[EventCountry "RUS"]
[SourceTitle "CBM 167 Extra"]
[Source "ChessBase"]
[SourceDate "2015.09.14"]
[SourceVersion "1"]
[SourceVersionDate "2015.09.14"]
[SourceQuality "1"]
[WhiteTeam "HQ Contemporary II"]
[BlackTeam "SDYuSShOR SS III"]
[WhiteTeamCountry "RUS"]
[BlackTeamCountry "RUS"]

1. e4 e6 2. d4 d5 3. Nd2 Nf6 4. e5 Nfd7 5. Bd3 c5 6. c3 Nc6 7. Ne2 cxd4 8. cxd4 Nb6 9. 0-0 a5 10. Nf3 Be7 11. Bd2 Bd7 12. Rc1 Nb4 13. Bxb4 axb4 14. Bb1 Nc4 15. b3 Na3 16. Bd3 Bb5 17. Bxb5+ Nxb5 18. Qd3 Qb6 19. Rc2 Kd7 20. Qe3 h6 21. Qf4 Raf8 22. Rfc1 g5 23. Qe3 g4 24. Nd2 Bg5 25. Qd3 Rc8 26. Rxc8 Rxc8 27. Rxc8 Kxc8 28. Nf1 Kb8 29. Ne3 h5 30. Qd2 Qa5 31. a4 Nc3 32. Qc2 b5 33. axb5 Qa1+ 34. Nf1 Nxe2+ 35. Qxe2 Qxd4 36. Qc2 Qxe5 37. Qc5 Qc7 38. Qxb4 Be7 39. Qd4 f6 40. g3 Qc5 41. Qd3 f5 42. Qe2 Qd6 43. Ne3 h4 44. b6 Kb7 45. gxh4 Bxh4 46. Ng2 Bd8 47. Qb2 Bxb6 48. Qg7+ Bc7 49. Qh8 d4 50. Kf1 d3 51. Ke1 Qc6 52. Ne3 Ba5+ 0-1

[Event "RUS-chT U18"]
[Site "St Petersburg"]
[Date "2015.08.03"]
[Round "3.53"]
[White "Shnajder, Mark"]
[Black "Shuster, Andrei"]
[Result "1/2-1/2"]
[WhiteElo "2027"]
[BlackElo "2075"]
[PlyCount "81"]
[EventDate "2015.08.01"]
[EventType "team-swiss"]
[EventRounds "9"]
[EventCountry "RUS"]
[SourceTitle "CBM 167 Extra"]
[Source "ChessBase"]
[SourceDate "2015.09.14"]
[SourceVersion "1"]
[SourceVersionDate "2015.09.14"]
[SourceQuality "1"]
[WhiteTeam "Teis Youth"]
[BlackTeam "HQ Contemporary II"]
[WhiteTeamCountry "RUS"]
[BlackTeamCountry "RUS"]

1. d4 d5 2. c4 c6 3. cxd5 cxd5 4. Nf3 Nf6 5. Nc3 Nc6 6. Bf4 Bf5 7. e3 e6 8. Bb5 Nd7 9. Qa4 Rc8 10. 0-0 a6 11. Bxc6 Rxc6 12. Rac1 Be7 13. Ne2 Qb6 14. Ne5 Nxe5 15. Bxe5 0-0 16. Rxc6 bxc6 17. Qb3 Qxb3 18. axb3 f6 19. Bg3 g5 20. Rc1 Bd3 21. Nc3 Kf7 22. f3 Ra8 23. Na4 Bb5 24. Kf2 Ra7 25. Nc5 Bxc5 26. Rxc5 a5 27. Rc1 Rb7 28. Bd6 Ra7 29. Ra1 a4 30. bxa4 Rxa4 31. Rxa4 Bxa4 32. b4 Bb5 33. g3 f5 34. f4 g4 35. Bc5 Ke8 36. Ke1 h5 37. Kd2 Kd7 38. Kc3 Kc8 39. Kb2 Kb7 40. Ka3 Ka6 41. Kb3 1/2-1/2

[Event "Chigorin Memorial 22nd"]
[Site "St Petersburg"]
[Date "2014.10.26"]
[Round "9"]
[White "Shuster, Andrei"]
[Black "Ovchinnikov, Vsevolod"]
[Result "0-1"]
[WhiteElo "2038"]
[BlackElo "2272"]
[PlyCount "81"]
[EventDate "2014.10.18"]
[EventType "swiss"]
[EventRounds "9"]
[EventCountry "RUS"]
[SourceTitle "EXT 2015"]
[Source "ChessBase"]
[SourceDate "2014.11.20"]
[SourceVersion "1"]
[SourceVersionDate "2014.11.20"]
[SourceQuality "1"]

1. e4 e6 2. d4 d5 3. Nd2 Nc6 4. Ngf3 Nf6 5. e5 Nd7 6. Be2 f6 7. exf6 Qxf6 8. Nf1 Bd6 9. Ne3 0-0 10. 0-0 Qg6 11. g3 Nf6 12. Nh4 Qe8 13. f4 Ne7 14. Ng4 Ne4 15. Bd3 Nf5 16. Nf3 b6 17. Kg2 Bb7 18. c3 c5 19. Qe2 cxd4 20. cxd4 Rc8 21. Be3 Qa4 22. b3 Qe8 23. Rac1 Ba3 24. Rxc8 Qxc8 25. Bd2 Be7 26. Rc1 Qd8 27. Nge5 Bd6 28. Nc6 Qd7 29. Nce5 Qe7 30. Ng4 Ba3 31. Rc2 a5 32. Bc1 Bb4 33. Bb2 Ra8 34. a4 Qe8 35. Nge5 Rc8 36. Bb5 Rxc2 37. Qxc2 Ne3+ 38. Kg1 Qxb5 39. axb5 Nxc2 40. Nd7 Ba3 41. Ba1 0-1

[Event "Chigorin Memorial 22nd"]
[Site "St Petersburg"]
[Date "2014.10.25"]
[Round "8"]
[White "Bebchuk, Boris"]
[Black "Shuster, Andrei"]
[Result "1/2-1/2"]
[WhiteElo "2204"]
[BlackElo "2038"]
[PlyCount "95"]
[EventDate "2014.10.18"]
[EventType "swiss"]
[EventRounds "9"]
[EventCountry "RUS"]
[SourceTitle "EXT 2015"]
[Source "ChessBase"]
[SourceDate "2014.11.20"]
[SourceVersion "1"]
[SourceVersionDate "2014.11.20"]
[SourceQuality "1"]

1. d4 Nf6 2. e3 g6 3. Nf3 Bg7 4. Be2 0-0 5. 0-0 d6 6. b3 c5 7. Bb2 b6 8. c4 Bb7 9. Nc3 Ne4 10. Nxe4 Bxe4 11. Nd2 Bb7 12. Bf3 Bxf3 13. Nxf3 Nd7 14. Qc2 Qc7 15. Rad1 Rac8 16. Rd2 a6 17. Rc1 Qb7 18. h3 cxd4 19. Bxd4 b5 20. Bxg7 Kxg7 21. Qb2+ Kg8 22. cxb5 axb5 23. Rdc2 Nc5 24. Qd4 Ra8 25. b4 Ne6 26. Qd3 Ra4 27. a3 Rfa8 28. Rc3 Qa6 29. R1c2 Qb7 30. Nd4 Nxd4 31. Qxd4 Qd7 32. Qd5 R4a7 33. Rc6 Rb8 34. R2c3 Qb7 35. e4 Qa8 36. Rf3 Rf8 37. Qxb5 Rxa3 38. Rxa3 Qxa3 39. Rc7 Qa1+ 40. Kh2 Qf6 41. Qe2 Qe5+ 42. g3 d5 43. Rc5 Qxe4 44. Qxe4 dxe4 45. Re5 f5 46. Rxe7 Rb8 47. g4 Rxb4 48. gxf5 1/2-1/2

[Event "Chigorin Memorial 22nd"]
[Site "St Petersburg"]
[Date "2014.10.21"]
[Round "4"]
[White "Shuster, Andrei"]
[Black "Batyuk, Artem"]
[Result "1/2-1/2"]
[WhiteElo "2038"]
[BlackElo "2324"]
[PlyCount "93"]
[EventDate "2014.10.18"]
[EventType "swiss"]
[EventRounds "9"]
[EventCountry "RUS"]
[SourceTitle "EXT 2015"]
[Source "ChessBase"]
[SourceDate "2014.11.20"]
[SourceVersion "1"]
[SourceVersionDate "2014.11.20"]
[SourceQuality "1"]

1. e4 c5 2. a3 g6 3. b4 Bg7 4. Nc3 cxb4 5. axb4 d6 6. Bb2 Nf6 7. d4 0-0 8. b5 Nbd7 9. Nf3 b6 10. Bc4 Bb7 11. Qe2 Qc7 12. Bd3 e5 13. dxe5 dxe5 14. 0-0 Nc5 15. Ra2 Nxd3 16. cxd3 a5 17. bxa6 Rxa6 18. Rxa6 Bxa6 19. Ra1 Bb7 20. Rc1 Nd7 21. Nb5 Qb8 22. Ba3 Rc8 23. Rxc8+ Bxc8 24. Qc2 Nc5 25. Bxc5 bxc5 26. Nc3 Be6 27. Nd5 h6 28. h3 Kh7 29. Qc4 Qa7 30. Kh2 Qa5 31. Qb3 Qd8 32. Qc4 Qd6 33. Kg1 f5 34. Nd2 Bf8 35. Nb3 Bxd5 36. Qxd5 Qxd5 37. exd5 Kg7 38. Nd2 Kf6 39. Nc4 h5 40. Kf1 e4 41. dxe4 fxe4 42. Ke2 Kf5 43. Kd2 Bg7 44. Ke2 Bd4 45. Ke1 Bc3+ 46. Ke2 Bd4 47. Ke1 1/2-1/2

[Event "Chigorin Memorial 22nd"]
[Site "St Petersburg"]
[Date "2014.10.20"]
[Round "3"]
[White "Sichinava, Zviad"]
[Black "Shuster, Andrei"]
[Result "1-0"]
[WhiteElo "2275"]
[BlackElo "2038"]
[PlyCount "121"]
[EventDate "2014.10.18"]
[EventType "swiss"]
[EventRounds "9"]
[EventCountry "RUS"]
[SourceTitle "EXT 2015"]
[Source "ChessBase"]
[SourceDate "2014.11.20"]
[SourceVersion "1"]
[SourceVersionDate "2014.11.20"]
[SourceQuality "1"]

1. d4 Nf6 2. Bg5 Ne4 3. Bh4 c5 4. f3 g5 5. fxe4 gxh4 6. e3 Bh6 7. Kf2 cxd4 8. exd4 Nc6 9. Nc3 d6 10. Bc4 0-0 11. Nf3 Kh8 12. Nxh4 f5 13. Qh5 fxe4+ 14. Ke1 Kg7 15. g4 e5 16. Nf5+ Bxf5 17. gxf5 Qg5 18. Qxg5+ Bxg5 19. Rg1 Kh6 20. Nxe4 Bh4+ 21. Kd2 Nxd4 22. Raf1 Rad8 23. Rg4 Kh5 24. Rg7 Kh6 25. Rg4 Kh5 26. Rg7 Kh6 27. Rf7 Rxf7 28. Bxf7 Rf8 29. Bd5 Rxf5 30. Rxf5 Nxf5 31. Bxb7 Be7 32. c3 Kh5 33. Bc8 Nh4 34. Kd3 Nf3 35. h3 d5 36. Ng3+ Kg5 37. Be6 d4 38. Ke4 Nd2+ 39. Kd3 Nf3 40. Bd5 dxc3 41. bxc3 Ng1 42. Bg2 Kf4 43. Ne4 Nf3 44. Bxf3 Kxf3 45. c4 Kg2 46. c5 Kxh3 47. c6 Bd8 48. Nf6 Kg3 49. Ke4 Bc7 50. Nxh7 Kf2 51. Nf6 Ke2 52. Nd5 Bd6 53. c7 Bxc7 54. Nxc7 Kd2 55. Na6 Kc3 56. Kxe5 Kc4 57. Kd6 Kb5 58. Nc5 Kb4 59. a4 a5 60. Kc6 Kc4 61. Na6 1-0

[Event "Chigorin Memorial 22nd"]
[Site "St Petersburg"]
[Date "2014.10.19"]
[Round "2"]
[White "Shuster, Andrei"]
[Black "Bezobrazov, Lev"]
[Result "1-0"]
[WhiteElo "2038"]
[BlackElo "1579"]
[PlyCount "63"]
[EventDate "2014.10.18"]
[EventType "swiss"]
[EventRounds "9"]
[EventCountry "RUS"]
[SourceTitle "EXT 2015"]
[Source "ChessBase"]
[SourceDate "2014.11.20"]
[SourceVersion "1"]
[SourceVersionDate "2014.11.20"]
[SourceQuality "1"]

1. e4 Nf6 2. e5 Nd5 3. d4 d6 4. c4 Nb6 5. exd6 exd6 6. Nc3 Be7 7. Be2 0-0 8. Nf3 Bf6 9. 0-0 Bf5 10. Be3 Nc6 11. Rc1 d5 12. c5 Nc8 13. Qb3 N8e7 14. Qxb7 Rb8 15. Qa6 Rxb2 16. Bb5 Qc8 17. Qa3 Rb4 18. Bxc6 Nxc6 19. Nxd5 Rb8 20. Nxf6+ gxf6 21. d5 Ne5 22. Nxe5 fxe5 23. Bh6 Re8 24. h4 Kh8 25. Qg3 Bg4 26. f3 f5 27. fxg4 f4 28. Qf3 Qa6 29. Bg5 h6 30. Bxf4 exf4 31. Qxf4 Rb2 32. Qd4+ 1-0